00408nam a22001457a 4500003000600000005001700006008004100023040000800064082001900072100001900091245007800110260003600188300001900224650001900243GBCCL20241126110523.0180129b xxu||||| |||| 00| 0 eng d cgbc aVER 248.4bKHA aKhaizakham, Kh aSomkona Um Christian le Adin Jangkitna:bKahechentai Zu /cKh. Khaizakham aM. Songgel:bJ. Lhungdim,c2013 a89 p.;c23 cm. aChristian life